Statistics for Simpsons Last Names

Click here to take the quiz!

General Stats

  • This quiz has been taken 338 times
  • The average score is 7 of 15

Answer Stats

Hint Answer % Correct
CarlCarlson
82%
ClancyWiggum
80%
MoeSzyslak
78%
AgnesSkinner
69%
LurleenLumpkin
68%
LennyLeonard
62%
ArniePye
56%
MarvinMonroe
48%
Sideshow BobTerwilliger
45%
ApuNahasapeemapetilon
35%
BrandineSpuckler
28%
JohnnyTightlips
27%
LindseyNaegle
23%
CaptainMcCallister
18%
FrankieThe Squealer
14%

Score Distribution

Percentile by Number Answered

Percent of People with Each Score

Your Score History

You have not taken this quiz